000 01393nam a2200241Ia 4500
003 Ost
005 20260507075322.0
008 260507s9999||||xx |||||||||||||| ||und||
020 _a9074422977
040 _cfsecg
041 _aara
082 _a657.45
100 _aعطية، أحمد صلاح
_eمؤلف
245 0 _aأصول المراجعة الحكومية و تطبيقاتها بالمنطقة العربية /
_c أحمد صلاح عطية
260 _aالاسكندرية:
_bالدار الجامعية,
_c2008
300 _a367 صفحة؛
_bإيضاحات ؛
_c25 سم
520 _aطبيعة المراجعة الحكومية و طبيعة أبعاد وظيفة أجهزة الرقابة العليا، تقييم أداء أجهزة الرقابة العليا في المنطقة العربية، مراجعة الفساد الحكومي و أخيرا مراجعة الاداء الحكومي، الاطار العام لمراجعة الأداء الحكومي، تطبيق مبادئ المراجعة الحكومية على مراجعة الأداء، التخطيط لمراجعة الاداء و تنفيذه و غعداد تقرير المراجعة
653 _aالرقابة المالية
653 _aالمحاسبة الحكومية
653 _aالمسؤولية الحكومية
653 _aمراجعة الحسابات
942 _cكتاب
999 _c43933
_d43933